000
00328nam a2200133Ia 4500
005
20251222155134.0
008
251222s9999||||xx |||||||||||||| ||spa||
082
_a
ANT.15
100
_a
LUMBRERAS Luis.
245
0
_a
Los Orígenes de la Civilización en el Perú
250
_a
6ta. ed.
264
_b
Milla Batres
942
_c
LIB
999
_c
38942
_d
38942